000 00830nam a2200205Ii 4500
003 JO-AjNU
008 230605s9999||||xx |||||||||||||| ||und||
017 _a2002/11/2814
040 _aJO-AjNU
_bara
_erda
_cJO-AjNU
041 _aara
050 1 4 _aK7090.H376.2002
100 3 _aالحراحشة، محمد عبد سليمان,
_eauthor
_952703
245 0 0 _aفكرة عدم سريان التصرف القانوني : دراسة مقارنة في الفقهين الإسلامي والغربي والقوانين المدنية العربية
264 3 1 _aعمان : محمد عبد سليمان الحراحشة، 2002
300 _a150ص
336 _atext
_btxt
_2rdacontent
337 _aunmediated
_bn
_2rdamedia
338 _avolume
_bnc
_2rdacarrier
650 4 _a القانون المدني المقارن 
_952704
999 _aA23362
_c26930
_d26930